000 00569nam a2200217Ia 4500
003 OSt
005 20220918192548.0
006 a|||||r|||| 00| 0
007 ta
008 220917b |||||||| |||| 00| 0 eng d
024 _a69,021
037 _cTextual
040 _aARTS
_cARTS
_beng
041 _2eng
_aeng
082 _aR3:Q, K51
100 _aLoen Arnold E
_979441
245 0 _aSecularization
_b science without God tr from German by Margaret Koht
260 _c1965
942 _hR3:Q, K51
_cTEXL
_2CC
999 _c195184
_d195184